000 00586nam a22002297a 4500
001 0074
003 DO-SdBNP
005 20180302092432.0
007 0074
008 151210b uf 1998 xxu||||| |||| 00| 0 spa d
020 _a9789992322048
040 _aBPMSU
_bspa
_cBPMSU
092 _axxxxxxx
_bxxxxxxx
245 0 0 _aHojas mágicas
260 _aEl Salvador :
_bMontañas de fuego,
_c1998.
300 _a128 p. :
_bil.,
_c25 cm.
490 1 0 _aHojas mágicas
_v1
830 0 0 _aHojas mágicas
_n1
942 _2ddc
_cBK
945 _ainventariado, 2018 / dg
956 _aBrenda Tavárez
999 _c9093
_d9093